000 00454cam a2200181ua 4500
001 2715
008 111115n ii |||gr||||Z||||||asm
040 _cMAIN
082 _a920
100 _a Choudhury, Ambikapad,
_eAuthor.
245 1 1 _aKalidas
_cby Ambikapad Choudhury
250 _a4th.
260 _aGuahati :
_bBani prakash,973.
_aKolkata:
300 _a104p:
_c23cm.
653 _aAssamese biography
653 _aBiography of Kalidas
942 _cBK
999 _c2565
_d2565